عرض عادي
عرض مارك
- Goldberg, David E.
مدخل إسم شخص
001 - رقم الضبط
- حقل الضبط: 48509
003 - معرف رقم الضبط
- حقل الضبط: OSt
005 - تاريخ ووقت أخر عملية
- حقل الضبط: 20150713054352.0
008 - عناصر بيانات ثابتة الطول
- حقل تحكم ثابت الطول: 150713|| aca||aabn | a|a d
040 ## - مصدر الفهرسة
- هيئة الفهرسة الأصلية: OSt
- وكالة الكتابة: OSt
100 ## - مدخل -- أسم شخص
- إسم شخص: Goldberg, David E.
- تواريخ مرتبطة بالاسم: 1932-
670 ## - بيانات المصدر موجوده
- الاستشهاد بالمصدر: Work cat.: (OSt)0: Goldberg, David E. 1932-, Beginning chemistry /, c2014.
